000 00582nam a22001457a 4500
020 _a0-440-40785-0
082 _a823
_bBUS/J
100 _aBUSS, FRAN LEEPER
245 _aJOURNEY OF THE SPARROWS
260 _aNEW YORK
_bA YEARLING BOOK
_c1993
300 _a155
520 _aMaria and her siblings face countless hardships as they struggle to build a new life in Chicago. Escaping the brutal regime in El Salvador, they face cold, hunger, and the constant threat of deportation. Maria works herself ragged to try and provide for her family.
650 _aNOVEL
_zINDIA
942 _cBK
999 _c2810
_d2810